The political economy of industrial policy

Đã lưu trong:
書目詳細資料
主要作者: Grant, Wyn
格式: 圖書
語言:Undetermined
出版: London Butterworths 1982
主題:
標簽: 添加標簽
沒有標簽, 成為第一個標記此記錄!
Thư viện lưu trữ: Trung tâm Học liệu Trường Đại học Cần Thơ
LEADER 00494nam a2200181Ia 4500
001 CTU_78698
008 210402s9999 xx 000 0 und d
082 |a 338.941 
082 |b G761 
100 |a Grant, Wyn 
245 4 |a The political economy of industrial policy 
245 0 |c Wyn Grant 
260 |a London 
260 |b Butterworths 
260 |c 1982 
650 |a Economic policy,Industrial policy 
650 |z Great Britain 
980 |a Trung tâm Học liệu Trường Đại học Cần Thơ